000 00389nam a2200157Ia 4500
008 221030s9999 xx 000 0 und d
020 _a876294675
041 _aEnglish
082 _a105.23
_bBha
100 _aS. K. Bhatia
245 0 _aManagment of Change & Organisation Development
260 _bDeep & Deep Pub
_aNew Delhi
_c2005
300 _a281
650 _aManagement
942 _cBK
999 _c124
_d124